000 00569nam a2200181 a 4500
001 000034740
005 20200930073856.0
008 111019s1982 es 000 0 spa d
040 _aDO-SdBNP
_bspa
100 1 _aStevenson, Leslie.
_960212
240 1 0 _aTitulo original. :
_kSeven theories of human nature.
245 1 0 _aSiete teorías de la naturaleza humana /
_cLeslie Stevenson ;traducción de Elena Ibánez.
250 _a5a ed.
260 _aMadrid :
_bEdiciones Cátedra,
_c1982.
300 _a173 p. ;
_c20 cm.
490 1 _aTeorema
830 0 0 _aTeorema
_960213
999 _c34231
_d34231